00978nam a2200229 a 450000100090000000800410000901000150005002000190006502000220008405000170010610000190012324500720014225000120021426000570022630000170028335000100030050000750031065000250038599501730041099900170058395201480060018852841170329s2014 ||||||||||||||||| || u a2015458507 a9789351522324  a9351522326 (pbk.) aRK 55.C5 Tex aMarwah, Nikhil10aTextbook of pediatric dentistry. (3rd ed.)cEdited by Nikhil Marwah a3rd ed. aNew Delhi:bJaypee Brothers Medical publishersc2014 a1048p.: ill. a96.00 aPrevious edition: 2009. Includes bibliographical references and index. 0aPEDONTICS--TEXTBOOKS aMICHAEL CHILUFYA SATA OPEN ACCESSe903813FCBU-SCHOOL OF MEDICINE LIBRARY (Ndola)jRK 55.C5 TexUAVAILABLEWMar 28, 2017y903813ZMedical Library Open Access Collection c32899d32899 00102lcc4070a002b008cMedical Library Open Access Collectiond2022-11-30l2oRK 55.C5 Texp903813r2024-07-22s2024-06-11w2022-11-30y002